| 000 | 00569nam a2200193Ia 4500 | ||
|---|---|---|---|
| 003 | GCL | ||
| 008 | 140319s9999 xx 000 0 ara d | ||
| 040 |
_aGCL / _cGCL |
||
| 082 | 0 | 4 |
_a641.8 _bم ص |
| 100 | 1 | _aمحمد ممتاز الجندى | |
| 245 | 1 | 0 |
_aصناعة الحلويات / _cمحمد ممتاز الجندى |
| 260 |
_a[S.N] : _bالهيئة المصرية العامة للكتاب ، _c1994 |
||
| 300 | _a432 ص | ||
| 490 | _a | ||
| 650 | 0 | 4 | _aالاقتصاد المنزلى |
| 650 | 0 | 4 | _aالحلوى |
| 650 | 0 | 4 | _aالطبخ |
| 942 |
_2ddc _cBK |
||
| 999 |
_c35002 _d35002 |
||